000 00494nam a2200193Ia 4500
003 LK-CoDNM
005 20241001144002.0
008 010623t1710 xxu||||| |||| 00| 1 eng d
040 _aLK-CoDNM
_dLK-CoDNM
_eLK-CoDNM
041 _aeng
080 _a24
_bU34
245 _aThe Odes Satyrs and Epistles of Horace.
260 _bJ.Tonson
_aLondon
_c1710
300 _b352p. : 17 cm
650 _a24U34
650 _aThe Odes Satyrs and Epistles of Horace.
650 _aJ.Tonson
942 _cBK
999 _c80723
_d80723